Países do Oriente Médio - Statistics

Estatísticas Gerais
  • Esse quiz foi jogado 551 vezes
  • A pontuação média é 12 de 15
Estatísticas das Respostas
País % Correto
Irã
94%
Árabia Saudita
92%
Iraque
91%
Israel
90%
Emirados Árabes Unidos
85%
Síria
84%
Catar
83%
Omã
83%
Iêmen
79%
Jordânia
78%
Líbano
77%
Kuwait
72%
Turquia
69%
Bahrain
64%
Afeganistão
60%
Nenhum quiz correspondente encontrado
Distribuição das Pontuações
Porcentagem de Pessoas com Cada Pontuação
Percentil de Números Respondidos
Sua Pontuação Histórica
Você não jogou esse quiz